Essentials of programming languages / (Record no. 179122)
[ view plain ]
| 000 -LEADER | |
|---|---|
| fixed length control field | 01182 a2200217 4500 |
| 003 - CONTROL NUMBER IDENTIFIER | |
| control field | Nust |
| 005 - DATE AND TIME OF LATEST TRANSACTION | |
| control field | 20220812154609.0 |
| 010 ## - LIBRARY OF CONGRESS CONTROL NUMBER | |
| LC control number | 2007039723 |
| 020 ## - INTERNATIONAL STANDARD BOOK NUMBER | |
| International Standard Book Number | 8120313550. : alk. paper) |
| 040 ## - CATALOGING SOURCE | |
| Transcribing agency | Nust |
| 082 00 - DEWEY DECIMAL CLASSIFICATION NUMBER | |
| Classification number | 005.133,FRI |
| 100 1# - MAIN ENTRY--PERSONAL NAME | |
| Personal name | Friedman, Daniel P. |
| 9 (RLIN) | 97033 |
| 245 10 - TITLE STATEMENT | |
| Title | Essentials of programming languages / |
| Statement of responsibility, etc. | Daniel P. Friedman, Mitchell Wand. |
| 260 ## - PUBLICATION, DISTRIBUTION, ETC. | |
| Place of publication, distribution, etc. | Cambridge, MA : |
| Name of publisher, distributor, etc. | MIT Press, |
| Date of publication, distribution, etc. | 1992 |
| 300 ## - PHYSICAL DESCRIPTION | |
| Extent | xxii, 536 p. ; |
| Dimensions | 24 cm. |
| 505 ## - FORMATTED CONTENTS NOTE | |
| Formatted contents note | Tools for Symbolic Programming (Page-1), Introduction, Recursion, and Scope (Page-31), Syntactic Abstraction and Abstraction (Page-67), Reduction Rules and Imperative Programming (Page-99), Interpreters (Page-139), Parameter Passing (Page-179), Object-Oriented Languages (Page-213), Continuation-Passing Style (Page-241), Continuation-Passing Interpreters (Page-291), Imperative Form and Stack Architecture (Page-335), Scanners and Parsers (Page-375), Compiler Derivation (Page-421). |
| 650 #0 - SUBJECT ADDED ENTRY--TOPICAL TERM | |
| Topical term or geographic name entry element | Programming languages (Electronic computers) |
| 9 (RLIN) | 3683 |
| 700 1# - ADDED ENTRY--PERSONAL NAME | |
| Personal name | Wand, Mitchell. |
| 9 (RLIN) | 97034 |
| 856 41 - ELECTRONIC LOCATION AND ACCESS | |
| Materials specified | Table of contents only |
| Uniform Resource Identifier | <a href="http://www.loc.gov/catdir/toc/ecip081/2007039723.html">http://www.loc.gov/catdir/toc/ecip081/2007039723.html</a> |
| 942 ## - ADDED ENTRY ELEMENTS (KOHA) | |
| Source of classification or shelving scheme | |
| Koha item type | Book |
| Call number prefix | 005.133,FRI |
| Withdrawn status | Lost status | Source of classification or shelving scheme | Damaged status | Not for loan | Permanent Location | Current Location | Shelving location | Date acquired | Full call number | Barcode | Date last seen | Price effective from | Koha item type | Public note |
|---|---|---|---|---|---|---|---|---|---|---|---|---|---|---|
| Military College of Signals (MCS) | Military College of Signals (MCS) | General Stacks | 12/12/2016 | 005.133,FRI | MCS28219 | 12/08/2016 | 12/12/2016 | Book | Almirah No.4, Shelf No.4 |
